| 000 | 00494pab a2200169 454500 | ||
|---|---|---|---|
| 008 | 180718b2013 xxu||||| |||| 00| 0 eng d | ||
| 100 | _aPradhan, Rurdra P. | ||
| 245 | _aSpatial inequality in India and china: The panel co-integration analysis | ||
| 260 | _c2013 | ||
| 300 | _ap.1-10. | ||
| 650 | _aIncome distribution - China | ||
| 650 | _aIncome distribution - India | ||
| 650 | _aIncome distribution | ||
| 773 | _aIndian Journal of Regional Science | ||
| 908 | _aN | ||
| 909 | _a101470 | ||
| 999 |
_c101468 _d101468 |
||